| 000 | 01098nam a2200253Ia 4500 | ||
|---|---|---|---|
| 003 | OSt | ||
| 005 | 20200831214952.0 | ||
| 008 | 191128s2010 ck fr f000 0 spa d | ||
| 020 | _a9789588340562 | ||
| 040 |
_aCO-JMCR _cCO-JMCR |
||
| 041 | 0 | _aspa | |
| 082 | 0 | 4 |
_a351.722 / _bC718b _223 |
| 110 | 1 |
_aColombia. _bDepartamento Nacional de Planeación _94087 |
|
| 245 | 1 | 0 |
_aBases para la gestión del sistema presupuestal territorial 2010 / _cDepartamento Nacional de Planeación |
| 260 |
_aBogotá : _bDepartamento Nacional de Planeación, _c2010 |
||
| 300 |
_a432 páginas ; _c27 cm. |
||
| 520 | 3 | _aEl documento establece el alcance del sistema presupuestal en el nivel departamental y municipal, la actualización de las diferentes disposiciones sobre ingresos, gastos, procesos y procedimientos, así mismo, se incluye un capítulo sobre las opciones del | |
| 650 | 1 | 4 |
_aPresupuesto _99517 |
| 650 |
_aHacienda pública _99518 |
||
| 650 | 1 | 4 |
_aAdministración pública _99519 |
| 650 | 1 | 4 |
_aGastos públicos _zColombia _96959 |
| 650 | 1 | 4 |
_aPresupuesto nacional _zColombia _99331 |
| 942 |
_2ddc _cBK |
||
| 999 |
_c6352 _d6352 |
||